ბათუმის შოთა რუსთაველის სახელმწიფო უნივერსიტეტის ბიბლიოთეკა

Principles of cell biology (ბიბ.ჩანაწერი № 51239)

000 -LEADER
fixed length control field 00739nam a2200265Ia 4500
001 - CONTROL NUMBER
control field 18199
003 - CONTROL NUMBER IDENTIFIER
control field GE_BSU
008 - FIXED-LENGTH DATA ELEMENTS--GENERAL INFORMATION
fixed length control field 181216s||||||||xx |||||||||||||| ||und||
020 ## - INTERNATIONAL STANDARD BOOK NUMBER
International Standard Book Number 9781284047608 (pbk. : alk. paper)
040 ## - CATALOGING SOURCE
Transcribing agency GE_BSU
100 ## - MAIN ENTRY--PERSONAL NAME
Personal name Plopper, George.
245 ## - TITLE STATEMENT
Title Principles of cell biology
250 ## - EDITION STATEMENT
Edition statement Second edition.
260 ## - PUBLICATION, DISTRIBUTION, ETC.
Place of publication, distribution, etc. Burlington,
260 ## - PUBLICATION, DISTRIBUTION, ETC.
Name of publisher, distributor, etc. Jones & Bartlett Learning
260 ## - PUBLICATION, DISTRIBUTION, ETC.
Date of publication, distribution, etc. 2016
300 ## - PHYSICAL DESCRIPTION
Extent xxii, 565 pages
300 ## - PHYSICAL DESCRIPTION
Other physical details color illustrations ; 28 cm
653 ## - INDEX TERM--UNCONTROLLED
Uncontrolled term Cytology--Textbooks. Cytology--Study and teaching (Higher)
653 ## - INDEX TERM--UNCONTROLLED
Uncontrolled term Principles of cell biology
653 ## - INDEX TERM--UNCONTROLLED
Uncontrolled term ბიოლოგია
653 ## - INDEX TERM--UNCONTROLLED
Uncontrolled term ციტოლოგია
942 ## - ADDED ENTRY ELEMENTS (KOHA)
Koha item type წიგნი
ეგზემპლარები
Withdrawn status Lost status Damaged status Not for loan Date acquired Barcode Date last seen Price effective from Koha item type
        2018-12-17 46396 2018-12-17 2018-12-17 წიგნი
        2018-12-17 46397 2018-12-17 2018-12-17 წიგნი
        2018-12-17 46398 2018-12-17 2018-12-17 წიგნი